00521nam a22001937a 450000500170000001000130001702000390003003500170006903500130008603500130009903700170011203700170012908200060014610000170015224500340016926000340020327000690023730000210030620170808164517.0 aBAC-CH25 a9780141339092c$16.95 ( 350.00) aB-559676-704 aB-664609 aG-002817 bUBH/Venadpl bBSB/Venadpl aN aColfer, Eoin aArtemis Fowl/cby Eoin Colfer aNew DelhibPuffin Booksc2011 a11 Community Centre, Panchsheel ParkbNew Delhie110017 (India) a277p.c20cm(pbk)